Fabrizio De André - Statistics

Statistiche generali
  • Questo quiz è stato fatto 604 volte
  • Il punteggio medio è 9 su 16
Statistiche sulle risposte
Testo Titolo % Corretto
C'è una donna che semina il grano Volta la carta si vede il villano Volta la carta
90%
Sulla piazza d'una città La gente guardava con ammirazione Un gorilla portato là Dagli zingari di un baraccone Il gorilla
87%
Chi va dicendo in giro
Che odio il mio lavoro
Non sa con quanto amore
Mi dedico al tritolo
Il bombarolo
79%
Io mi chiamo Pasquale Cafiero
E son brigadiero del carcere, oiné
Io mi chiamo Cafiero Pasquale
E sto a Poggio Reale dal '53
Don Raffaè
74%
Se ti tagliassero a pezzetti Il vento li raccoglierebbe Se ti tagliassero a pezzetti
67%
Amìala ch'â l'arìa amìa cum'â l'é Amiala cum'â l'aria ch'â l'è lê ch'â l'è lê Dolcenera
66%
Cosa vuol dire avere
Un metro e mezzo di statura
Ve lo rivelan gli occhi
E le battute della gente
Un giudice
63%
Mentre attraversavo London Bridge
Un giorno senza sole
Vidi una donna pianger d'amore
Piangeva per il suo Geordie
Geordie
59%
Se verrà la guerra, Marcondiro'ndero Se verrà la guerra, Marcondiro'ndà Girotondo
47%
Nei quartieri dove il sole del buon Dio
Non da i suoi raggi
Ha già troppi impegni per scaldar la gente
D'altri paraggi
La città vecchia
47%
S'i' fosse foco, arderei 'l mondo
S'i' fosse vento, lo tempesterei
S'i' fosse acqua, ì' l'annegherei
S'i' fosse Dio, mandereil 'en profond
S'i' fosse foco
47%
Un uomo onesto, un uomo probo Tralalalalla tralallaleru S'innamorò perdutamente D'una che non lo amava niente La ballata dell'amore cieco
44%
Di respirare la stessa aria D'un secondino non mi va Perciò ho deciso di rinunciare Alla mia ora di libertà Nella mia ora di libertà
41%
Re Carlo tornava dalla guerra
Lo accoglie la sua terra
Cingendolo d'allor
Carlo Martello ritorna dalla battaglia di Poitiers
39%
Ho licenziato Dio
Gettato via un amore
Per costruirmi il vuoto
Nell'anima e nel cuore
Cantico dei drogati
33%
Tu prova ad avere un mondo nel cuore E non riesci ad esprimerlo con le parole Un matto (Dietro ogni scemo c'è un villaggio)
24%
Nessun quiz corrispondente trovato
Distribuzione punteggi
Percentuale di utenti per punteggio
Percentile per numero di risposta
I tuoi punteggi nel tempo
Non hai fatto questo quiz